000 01267cam a2200301 a 4500
005 20060719195018.0
008 950309s1994 ii a b 001 0ceng
010 _aENG-95313
020 _a9780195692570
_c595.00
020 _a0195692578
_c595.00
037 _bDBAD/PUB
040 _aDPL
082 _a759.954
100 _aVerma, Som Prakash,
245 _aInterpreting Mughal painting :
_cby Som Prakash Verma.
_bessays on art, society, and culture /
260 _aNew Delhi :
_bOxford University Press
_c2009
300 _axvii, 201 p.
_bill. ;
_c22 cm.(Hb)
500 _a"Centre of Advanced Study in History, Aligarh Muslim University."
504 _aIncludes bibliographical references and indexes.
650 _aPainting, Mogul.
650 _aPainters
_zIndia
_xBiography.
650 _aMiniature painting, Mogul.
650 _aIllumination of books and manuscripts, Mogul.
710 _aAligarh Muslim University.
_bCentre of Advanced Study in History.
942 _2ddc
_cEN
_mVER
_h759.954
999 _c31318
_d31318